000 00206 a2200097 4500
001 35128
100 _aH A M
245 _aSayberia say Afghanistan
260 _aLahore
_bJang Pub
_c
090 _c23272
_d23272
942 _aNUST-CAE
_cM
_c14750
999 _c270201
_d270201